• 首页
  • 本馆介绍
  • 公告通知
  • 最新文献
  • 馆藏检索
  • 电子资源
  • 读者导购
  • 参考咨询
  • 我的图书馆
  • 登录
  • 详细信息显示
  • 放入我的书架
  • 预约/预借图书
  • 作者相关作品
  • 分类相关作品
  • 丛书相关作品
  • 出版社相关作品

书目信息

  • 表格格式
  • 工作单格式
  • 卡片格式
题名:
数字电路与系统设计
    
 
作者: 丁志杰 , 赵宏图 , 梁淼 编著
分册:  
出版信息: 北京   电子工业出版社  2020.2
页数: 395页
开本: 26cm
丛书名:
单 册:
中图分类: TN431.2
科图分类:
主题词: 数字集成电路--系统设计--高等教育--教材 , 数字集成电路 , 系统设计
电子资源:
ISBN: 978-7-121-23472-9
000 01155nam0 2200301 45
001 012001002203
005 20211013154009.74
010    @a978-7-121-23472-9@dCNY55.00
100    @a20140911d2014 em y0chiy50 ea
101 0  @achi
102    @aCN@b110000
105    @ay z 000yy
106    @ar
200 1  @a数字电路与系统设计@Ashu zi dian lu yu xi tong she ji@b专著@f丁志杰,赵宏图,梁淼编著
205    @a修订版
210    @a北京@c电子工业出版社@d2020.2
215    @a395页@d26cm
300    @a工业和信息化部“十二五”规划教材 普通高等教育“十二五”规划教材 电工电子基础课程规划教材
330    @a本书着重数字电路的基础知识,涵盖电子信息类专业本科生所应该掌握的相关专业基础知识,重点突出逻辑分析与逻辑设计部分。全书共分11章,主要内容包括:数制与编码、逻辑代数基础、逻辑门电路、组合逻辑电路等。
606 0  @a数字集成电路@x系统设计@x高等教育@j教材
606 0  @a数字集成电路
606 0  @a系统设计
690    @aTN431.2@v5
701  0 @a丁志杰@Ading zhi jie@4编著
701  0 @a赵宏图@Azhao hong tu@f(1959 )@4编著
701  0 @a梁淼@Aliang miao@c(女,@f1957 )@4编著
801  0 @aCN@bBJSDL@c20211011
905    @b1338829-32@dTN431.2@e214=2@f4
    
    数字电路与系统设计/丁志杰,赵宏图,梁淼编著.-修订版.-北京:电子工业出版社,2020.2
    395页;26cm
    工业和信息化部“十二五”规划教材 普通高等教育“十二五”规划教材 电工电子基础课程规划教材
    
    ISBN 978-7-121-23472-9:CNY55.00
    本书着重数字电路的基础知识,涵盖电子信息类专业本科生所应该掌握的相关专业基础知识,重点突出逻辑分析与逻辑设计部分。全书共分11章,主要内容包括:数制与编码、逻辑代数基础、逻辑门电路、组合逻辑电路等。
●
相关链接 在E读中查询图书 在五车中查询图书 在当当中查询图书 在豆瓣中查询图书


正题名:数字电路与系统设计     索取号:TN431.2/214=2         预约/预借

序号 登录号 条形码 馆藏地/架位号 状态 备注
1 1338829   213388298   第二样本阅览室/ [索取号:TN431.2/214=2] 在馆    
2 1338830   213388305   第三借阅区/ [索取号:TN431.2/214=2] 在馆    
3 1338831   213388314   第三借阅区/ [索取号:TN431.2/214=2] 在馆    
4 1338832   213388323   第三借阅区/ [索取号:TN431.2/214=2] 在馆    
唐山师范学院图书馆 欢迎您!
大连网信软件有限公司© 版权所有